| 000 | 00433nam a22001817a 4500 | ||
|---|---|---|---|
| 003 | CEME | ||
| 005 | 20210628202750.0 | ||
| 008 | 210118b xxu||||| |||| 00| 0 eng d | ||
| 020 | _a0-521-67088-8 | ||
| 040 | _c. | ||
| 082 | _a530.12 LEV | ||
| 100 |
_aLevi, A.F.J _961510 |
||
| 245 | _aApplied quantum mechanics | ||
| 260 |
_aINDIA _bCAMBRIDGE _c2003 |
||
| 300 | _aXIV,522 P | ||
| 650 |
_aQUANTUM THEORY _9177 |
||
| 942 |
_cBK _2ddc |
||
| 999 |
_c570941 _d570941 |
||